Groundwater Allocation Managing Growing Pressures on Quantity and Quality
Enregistré dans:
| Format: | Livre |
|---|---|
| Langue: | anglais |
| Publié: |
Paris
OECD
2017
|
| Collection: | OECD Studies on Water
|
| Sujets: | |
| Tags: |
Pas de tags, Soyez le premier à ajouter un tag!
|
MARC
| LEADER | 00000nam a2200000 4500 | ||
|---|---|---|---|
| 001 | 0241310 | ||
| 005 | 20240314123007.2 | ||
| 020 | |a 978-92-64-28152-3 | ||
| 041 | 0 | |a eng | |
| 044 | |a FR | ||
| 245 | 1 | 0 | |a Groundwater Allocation |b Managing Growing Pressures on Quantity and Quality |
| 264 | 1 | |a Paris |b OECD |c 2017 | |
| 300 | |a 113 s. | ||
| 490 | 1 | |a OECD Studies on Water | |
| 830 | 0 | |a OECD Studies on Water | |
| 610 | 2 | 0 | |a voda |
| 610 | 2 | 0 | |a kvalita vody |
| 610 | 2 | 0 | |a zdroje vodné |
| 610 | 2 | 0 | |a ceny |
| 610 | 2 | 0 | |a porovnanie medzinárodné |